00340nam a2200133Ia 4500003000900000008004100009040001300050040001300063245009100076245001100167260001400178300000800192490000600200IT-RoPAU120407s9999 xx 000 0 und d aIT-RoPAU cIT-RoPAU aIl disarmo e la pace. Documenti del magistero riflessioni teologiche, problemi attuali cAA.VV. aDehoniane c cm v1